Normal view
MARC view
Entry Personal Name
001 - CONTROL NUMBER
- control field: 1711
003 - CONTROL NUMBER IDENTIFIER
- control field: ARRUPE
005 - DATE AND TIME OF LATEST TRANSACTION
- control field: 20130927171310.0
008 - FIXED-LENGTH DATA ELEMENTS
- fixed length control field: 130927|| aca||aabn | a|a d
040 ## - CATALOGING SOURCE
- Original cataloging agency: ARRUPE
- Transcribing agency: ARRUPE
100 ## - HEADING--PERSONAL NAME
- Personal name: Higgins, A. J. B.
- Fuller form of name: (Angus John Brockhurst)
670 ## - SOURCE DATA FOUND
- Source citation: Work cat.: (ARRUPE)0: Higgins, A. J. B. (Angus John Brockhurst), The Lord's Supper in the New Testament., [1952]